The WDA manual on the remediation of contaminated land. (Record no. 92581)

MARC details
000 -LEADER
fixed length control field 00761cam a2200265 4500
001 - CONTROL NUMBER
control field J2525
008 - FIXED-LENGTH DATA ELEMENTS--GENERAL INFORMATION
fixed length control field 090401t1993 xxu||||| |||| 00| 0 eng d
035 ## - SYSTEM CONTROL NUMBER
System control number (Sirsi) u49609
041 ## - LANGUAGE CODE
Language code of text/sound track or separate title eng
050 ## - LIBRARY OF CONGRESS CALL NUMBER
Classification number 333.73
110 ## - MAIN ENTRY--CORPORATE NAME
Corporate name or jurisdiction name as entry element Welsh Development Agency
9 (RLIN) 2230
245 #4 - TITLE STATEMENT
Title The WDA manual on the remediation of contaminated land.
260 ## - PUBLICATION, DISTRIBUTION, ETC.
Place of publication, distribution, etc. Cardiff
Name of publisher, distributor, etc. Welsh Development Agency
Date of publication, distribution, etc. 1993
300 ## - PHYSICAL DESCRIPTION
Extent 1v.(loose leaf) ; 30cm.
350 ## - PRICE (NR) (BK AM CF MU VM SE) [OBSOLETE]
Price 0
650 ## - SUBJECT ADDED ENTRY--TOPICAL TERM
Topical term or geographic name entry element CONTAMINATED LAND
650 ## - SUBJECT ADDED ENTRY--TOPICAL TERM
Topical term or geographic name entry element QUALITY MANAGEMENT SYSTEMS
650 ## - SUBJECT ADDED ENTRY--TOPICAL TERM
Topical term or geographic name entry element REMEDIAL TREATMENT
650 ## - SUBJECT ADDED ENTRY--TOPICAL TERM
Topical term or geographic name entry element SITE INVESTIGATION
690 ## - LOCAL SUBJECT ADDED ENTRY--TOPICAL TERM (OCLC, RLIN)
Topical term or geographic name as entry element LAND
710 ## - ADDED ENTRY--CORPORATE NAME
Corporate name or jurisdiction name as entry element ECOTEC Research and Consulting limited
9 (RLIN) 1451
710 ## - ADDED ENTRY--CORPORATE NAME
Corporate name or jurisdiction name as entry element Environmental Advisory Unit Ltd.
9 (RLIN) 632
942 ## - ADDED ENTRY ELEMENTS (KOHA)
Suppress in OPAC 0
948 ## - LOCAL PROCESSING INFORMATION (OCLC); SERIES PART DESIGNATOR (RLIN)
c (OCLC) 04/03/1997
Holdings
Withdrawn status Lost status Source of classification or shelving scheme Damaged status Not for loan Home library Current library Shelving location Date acquired Total Checkouts Full call number Barcode Date last seen Date last checked out Copy number Price effective from Koha item type
    Dewey Decimal Classification     London London Basement 24/08/1994 2 SHELF 202 30042451 06/08/2019 27/09/1999 1 06/08/2019 Book